| 000 | 00790nam a2200253 a 4500 | ||
|---|---|---|---|
| 003 | DO-SdBNP | ||
| 005 | 20230308133647.0 | ||
| 007 | ta | ||
| 008 | 190723s1981 000 spa d | ||
| 040 |
_aDO-SdBNP _espa _cBNPHU |
||
| 082 | 4 |
_a333.087293 _bV145s _222 |
|
| 100 | 1 |
_aValdez, Jorge _976492 |
|
| 245 | 1 | 0 |
_aUn siglo de agrimensura de la República Dominicana / _bJorge Valdez |
| 260 |
_aSanto Domingo : _bTres, _c1981. |
||
| 300 |
_a224 p. : _c17 cm. |
||
| 500 | _aIncluye índice de notas. | ||
| 500 | _aIncluye tabla de contenido. | ||
| 590 | _ainventariado, 2022 / SA | ||
| 650 | 4 |
_91630 _aAgrimensura _vHistoria _zRepública Dominicana |
|
| 650 | 4 |
_aAgrimensura _xLegislación _982037 |
|
| 650 | 4 |
_aAgrimensura _xEnseñanza _982038 |
|
| 910 | _aSaquino | ||
| 942 |
_2ddc _cLBS1 |
||
| 999 |
_c48640 _d48640 |
||